Влияние концентрации азотной кислоты на состав продуктов ее восстановления при взаимодействии с медью; Известия Томского политехнического университета [Известия ТПУ]; Т. 307, № 3
| Parent link: | Известия Томского политехнического университета [Известия ТПУ]/ Томский политехнический университет (ТПУ).— , 2000- Т. 307, № 3.— 2004.— [С. 86-89] |
|---|---|
| Автор: | |
| Інші автори: | , |
| Резюме: | Заглавие с титульного листа Электронная версия печатной публикации Изучен процесс растворения меди в азотной кислоте различной концентрации с применением кинетического метода и количественного определения продуктов реакции в жидкой и газовой фазах. На основании полученных данных предложена схема механизма взаимодействия меди с азотной кислотой. |
| Мова: | Російська |
| Опубліковано: |
2004
|
| Серія: | Технические науки |
| Предмети: | |
| Онлайн доступ: | http://www.lib.tpu.ru/fulltext/v/Bulletin_TPU/2004/v307/i3/20.pdf |
| Формат: | Електронний ресурс Частина з книги |
| KOHA link: | https://koha.lib.tpu.ru/cgi-bin/koha/opac-detail.pl?biblionumber=169592 |
MARC
| LEADER | 00000nla2a2200000 4500 | ||
|---|---|---|---|
| 001 | 169592 | ||
| 005 | 20231031163458.0 | ||
| 035 | |a (RuTPU)RU\TPU\book\183953 | ||
| 035 | |a RU\TPU\book\183482 | ||
| 090 | |a 169592 | ||
| 100 | |a 20091116d2004 k y0rusy50 ca | ||
| 101 | 0 | |a rus | |
| 102 | |a RU | ||
| 135 | |a drnn ---uucaa | ||
| 181 | 0 | |a i | |
| 182 | 0 | |a b | |
| 200 | 1 | |a Влияние концентрации азотной кислоты на состав продуктов ее восстановления при взаимодействии с медью |b Электронный ресурс |f А. В. Коршунов, С. В. Ковалева, В. П. Гладышев | |
| 203 | |a Текст |c электронный | ||
| 215 | |a 1 файл (451 Кб) | ||
| 225 | 1 | |a Технические науки | |
| 230 | |a Электронные текстовые данные (1 файл : 451 Кб) | ||
| 300 | |a Заглавие с титульного листа | ||
| 300 | |a Электронная версия печатной публикации | ||
| 320 | |a [Библиогр.: с. 89 (17 назв.)] | ||
| 330 | |a Изучен процесс растворения меди в азотной кислоте различной концентрации с применением кинетического метода и количественного определения продуктов реакции в жидкой и газовой фазах. На основании полученных данных предложена схема механизма взаимодействия меди с азотной кислотой. | ||
| 337 | |a Adobe Reader | ||
| 461 | 1 | |0 (RuTPU)RU\TPU\book\176237 |t Известия Томского политехнического университета [Известия ТПУ] |f Томский политехнический университет (ТПУ) |d 2000- | |
| 463 | 1 | |0 (RuTPU)RU\TPU\book\183391 |t Т. 307, № 3 |v [С. 86-89] |d 2004 |p 191 с. | |
| 610 | 1 | |a концентрация | |
| 610 | 1 | |a азотная кислота | |
| 610 | 1 | |a составы | |
| 610 | 1 | |a продукты | |
| 610 | 1 | |a восстановление | |
| 610 | 1 | |a взаимодействие | |
| 610 | 1 | |a медь | |
| 610 | 1 | |a процессы | |
| 610 | 1 | |a кинетические методы | |
| 610 | 1 | |a количественное определение | |
| 610 | 1 | |a продукты реакции | |
| 610 | 1 | |a жидкие фазы | |
| 610 | 1 | |a газовые фазы | |
| 610 | 1 | |a данные | |
| 610 | 1 | |a механизмы | |
| 610 | 1 | |a растворение | |
| 610 | 1 | |a труды учёных ТПУ | |
| 610 | 1 | |a электронный ресурс | |
| 700 | 1 | |a Коршунов |b А. В. |c доцент каф. общей и неорганической химии (ОНХ) ЕНМФ, ТПУ |c кандидат химических наук |f 1970- |g Андрей Владимирович |2 stltpush |3 (RuTPU)RU\TPU\pers\25489 | |
| 701 | 1 | |a Ковалева |b С. В. | |
| 701 | 1 | |a Гладышев |b В. П. | |
| 801 | 1 | |a RU |b 63413507 |c 20090623 |g PSBO | |
| 801 | 2 | |a RU |b 63413507 |c 20210603 |g PSBO | |
| 856 | 4 | |u http://www.lib.tpu.ru/fulltext/v/Bulletin_TPU/2004/v307/i3/20.pdf | |
| 942 | |c CF | ||